|
|
|
|
| LEADER |
00000njm a2200000 4500 |
| 001 |
vtls012231227 |
| 003 |
SK-MaSNL |
| 005 |
20260331212452.0 |
| 007 |
s cs p a |
| 008 |
230602t1987 xr g 000 0 cze |
| 015 |
|
|
|a SNBJ1987
|
| 028 |
1 |
1 |
|a 1143 3484
|b SUPRAPHON
|
| 028 |
2 |
1 |
|a H 3835/A A
|b SUPRAPHON
|
| 028 |
2 |
1 |
|a H 3936/A A
|b SUPRAPHON
|
| 040 |
|
|
|a SNK
|b slo
|c SNK
|e rda
|
| 041 |
0 |
|
|a cze
|
| 044 |
|
|
|a xr
|c CZ
|
| 072 |
|
7 |
|a 78
|x Hudba
|2 konspekt
|
| 080 |
|
|
|a (086.72)
|2 2011
|
| 100 |
1 |
|
|a Horňák, Pavel, 1968-
|4 sng
|9 404169
|
| 245 |
1 |
0 |
|a Není to náhodou : Zapomeň
|c Kroky F. Janečka
|
| 264 |
|
1 |
|a Praha
|b Supraphon
|c [1987]
|
| 264 |
|
4 |
|c Ⓟ1987
|
| 300 |
|
|
|a 1 gramofónová platňa
|c 18 cm
|
| 336 |
|
|
|a hraná hudba
|b prm
|2 rdacontent
|
| 337 |
|
|
|a audio
|b s
|2 rdamedia
|
| 338 |
|
|
|a audiodisk
|b sd
|2 rdacarrier
|
| 500 |
|
|
|a Gramoplatňa má 2 skladby
|
| 655 |
|
7 |
|a gramofónové platne
|2 SNKPH
|9 74608
|
| 655 |
|
7 |
|a Gramophone records
|2 SNKPHeng
|9 286457
|
| 700 |
1 |
|
|a Kroky F. Janečka
|4 sng
|9 404170
|
| 740 |
0 |
2 |
|a Zapomeň
|
| 958 |
|
|
|a GP
|
| 999 |
|
|
|c 655310
|d 657240
|
| 952 |
|
|
|a SNK
|b SNK
|y PREZ
|7 0
|p 17A1420467
|o snkST 914
|i snk662/87
|0 0
|1 0
|4 0
|d 2023-06-02
|l 0
|r 2026-02-23 18:35:01
|w 2026-02-23
|
| 952 |
|
|
|a SNKMST
|b SNKMST
|y PREZ
|7 0
|p 17A1420643
|o snkST 914 D1
|i snk185/88
|0 0
|1 0
|4 0
|d 2023-09-07
|l 0
|r 2026-02-23 18:35:01
|w 2026-02-23
|